300 Classic Blocks for Crochet Projects : (Record no. 584139)

MARC details
000 -LEADER
fixed length control field 00493nam a2200193 a 4500
008 - FIXED-LENGTH DATA ELEMENTS--GENERAL INFORMATION
fixed length control field 250826s2008##################000#0#eng##
020 ## - INTERNATIONAL STANDARD BOOK NUMBER
ISBN 9781579909130
082 04 - DEWEY DECIMAL CLASSIFICATION NUMBER
Classification number 746.434041
Item number SCH
100 1# - MAIN ENTRY--AUTHOR NAME
Personal name Schäpper, Linda,
245 10 - TITLE STATEMENT
Title 300 Classic Blocks for Crochet Projects :
260 ## - PUBLICATION, DISTRIBUTION, ETC. (IMPRINT)
Name of publisher Lark Books,
Year of publication 2008.
300 ## - PHYSICAL DESCRIPTION
Number of Pages 260 pages
650 #0 - SUBJECT ADDED ENTRY--TOPICAL TERM
Topical Term Crafts & Hobbies.
942 ## - ADDED ENTRY ELEMENTS (KOHA)
Koha item type English Books
Holdings
Withdrawn status Lost status Damaged status Not for loan Home library Current library Shelving location Date acquired Full call number Accession Number Price effective from Koha item type
        Anna Centenary Library Anna Centenary Library 6TH FLOOR, B WING 26.08.2025 746.434041 SCH 413998 26.08.2025 English Books

Find us on the map